Từ điển ngữ pháp tiếng anh và cách dùng = Dictionary of english grammar and use ( Work book)
সংরক্ষণ করুন:
| প্রধান লেখক: | |
|---|---|
| বিন্যাস: | গ্রন্থ |
| ভাষা: | Undetermined |
| প্রকাশিত: |
Hà Nội
Giao Thông Vận Tải
2005
|
| বিষয়গুলি: | |
| ট্যাগগুলো: |
ট্যাগ যুক্ত করুন
কোনো ট্যাগ নেই, প্রথমজন হিসাবে ট্যাগ করুন!
|
| Thư viện lưu trữ: | Trung tâm Học liệu Trường Đại học Cần Thơ |
|---|
| LEADER | 00619nam a2200205Ia 4500 | ||
|---|---|---|---|
| 001 | CTU_123543 | ||
| 008 | 210402s9999 xx 000 0 und d | ||
| 020 | |c 26000 | ||
| 082 | |a 425 | ||
| 082 | |b M312 | ||
| 100 | |a Minh Thuận | ||
| 245 | 0 | |a Từ điển ngữ pháp tiếng anh và cách dùng = Dictionary of english grammar and use ( Work book) | |
| 245 | 0 | |c Minh Thuận | |
| 260 | |a Hà Nội | ||
| 260 | |b Giao Thông Vận Tải | ||
| 260 | |c 2005 | ||
| 650 | |a English language | ||
| 650 | |x Grammar | ||
| 910 | |a Nguyên | ||
| 980 | |a Trung tâm Học liệu Trường Đại học Cần Thơ | ||